Countries of Europe Without Outlines Quiz Stats

 Plays Quiz Updated Feb 13, 2019

Support Sporcle.
Go Orange.
Score 0/47 Timer 08:00
259 Plays Today
% Correct
United
Kingdom
84.9%
Russia
84.5%
Spain
84.5%
France
84.5%
Iceland
84.3%
Ireland
84.1%
Italy
84.1%
Portugal
83.6%
Turkey
83.4%
Greece
83.1%
Norway
82.9%
Sweden
82.9%
Germany
82.3%
Denmark
81.9%
Finland
80.7%
Poland
79.6%
Cyprus
78.7%
Netherlands
78%
Ukraine
77%
Malta
73.3%
Estonia
73.2%
Belgium
72.8%
Switzerland
72.5%
Latvia
71.9%
% Correct
Romania
71.6%
Austria
70.8%
Belarus
70.5%
Vatican City
70%
Czechia
69.8%
Lithuania
69%
Bosnia and
Herzegovina
68.1%
Bulgaria
67.9%
Croatia
67.9%
Albania
67.9%
San Marino
64.6%
Luxembourg
64.4%
Andorra
64.4%
Slovenia
63.9%
Hungary
63.3%
Slovakia
62.5%
Serbia
62.3%
North Macedonia
61.9%
Moldova
61.4%
Liechtenstein
60.2%
Montenegro
58.6%
Kosovo
57.7%
Monaco
57%

You're not logged in!

Compare scores with friends on all Sporcle quizzes.
OR
Log In

From the Vault

NFL Team Quarterback Nemeses

by philly_phan

Sometimes, you just know you can get it done against that one team.
Remove Ads.
Support Sporcle.
Get the best of Sporcle when you Go Orange. This ad-free experience offers more features, more stats, and more fun while also helping to support Sporcle. Thank you for becoming a member.

Show Comments

Extras

Top Quizzes Today


Score Distribution

Your Account Isn't Verified!

In order to create a playlist on Sporcle, you need to verify the email address you used during registration. Go to your Sporcle Settings to finish the process.

Report this User

Report this user for behavior that violates our Community Guidelines.

Details: